Slovinsko-v mnohých ukazovateľoch najrozvinutejší kandidát

Charakteristika ekonomiky Slovinska, prehľad makroekonomických údajov. Výhľad rastu slovinskej ekonomiky. Inflácia ako jediný problém pri vstupe do EÚ.

Guardado en:
Detalles Bibliográficos
Autor principal: Kišš, Štefan
Formato: Capítulo de libro
Lenguaje:eslovaco
Materias:
Etiquetas: Agregar Etiqueta
Sin Etiquetas, Sea el primero en etiquetar este registro!

MARC

LEADER 00000naa$a2200000$$$4500
001 0002496
005 20230925124122.4
041 0 |a slo 
044 |a SK 
245 1 0 |a Slovinsko-v mnohých ukazovateľoch najrozvinutejší kandidát  |c aut. Štefan Kišš 
520 |a Charakteristika ekonomiky Slovinska, prehľad makroekonomických údajov. Výhľad rastu slovinskej ekonomiky. Inflácia ako jediný problém pri vstupe do EÚ. 
610 2 0 |a vývoj hospodársky 
610 2 0 |a situácia hospodárska 
610 2 0 |a ukazovatele makroekonomické 
610 2 0 |a inflácia 
610 2 0 |a politika rozpočtová 
610 2 0 |a Slovinsko 
610 2 0 |a Európska únia 
100 1 |a Kišš, Štefan